000 00336nam a22001337a 4500
008 170203b xxu||||| |||| 00| 0 eng d
020 _a0471891347
041 _aeng
080 _a61
100 _a3
101 _aSHM
245 _aGUIDELINES FOR LABORATORY DESIGN: HEALTH AND SAFETY CONSIDERATIONS
_cDIBERARDINIS, L.K
942 _2udc
_cBK
999 _c4461
_d4461